Food economics and health (Record no. 158576)
[ view plain ]
| 000 -LEADER | |
|---|---|
| fixed length control field | 00586nam a2200229Ia 4500 |
| 003 - CONTROL NUMBER IDENTIFIER | |
| control field | OSt |
| 005 - DATE AND TIME OF LATEST TRANSACTION | |
| control field | 20230502115009.0 |
| 008 - FIXED-LENGTH DATA ELEMENTS--GENERAL INFORMATION | |
| fixed length control field | 210423s2008 xx 000 0 und d |
| 020 ## - INTERNATIONAL STANDARD BOOK NUMBER | |
| International Standard Book Number | 9780199269143 |
| 040 ## - CATALOGING SOURCE | |
| Transcribing agency | AL |
| 041 ## - LANGUAGE CODE | |
| Language code of text/sound track or separate title | eng |
| 082 ## - DEWEY DECIMAL CLASSIFICATION NUMBER | |
| Classification number | 338.19 BHAA |
| Edition number | 23 |
| 100 ## - MAIN ENTRY--PERSONAL NAME | |
| Personal name | BHARGAVA (Alok) |
| 9 (RLIN) | 82434 |
| 245 ## - TITLE STATEMENT | |
| Title | Food economics and health |
| 260 ## - PUBLICATION, DISTRIBUTION, ETC. | |
| Place of publication, distribution, etc. | Oxford |
| Name of publisher, distributor, etc. | Oxford University Press |
| Date of publication, distribution, etc. | 2008 |
| 300 ## - PHYSICAL DESCRIPTION | |
| Extent | xi,221 |
| Other physical details | HB |
| 365 ## - TRADE PRICE | |
| Price amount | 645 |
| Currency code | INR |
| 650 ## - SUBJECT ADDED ENTRY--TOPICAL TERM | |
| Topical term or geographic name entry element | Economics |
| 9 (RLIN) | 82435 |
| 650 ## - SUBJECT ADDED ENTRY--TOPICAL TERM | |
| Topical term or geographic name entry element | Production Economics |
| 9 (RLIN) | 82436 |
| 906 ## - LOCAL DATA ELEMENT F, LDF (RLIN) | |
| a | economics ; Food ; health |
| 942 ## - ADDED ENTRY ELEMENTS (KOHA) | |
| Source of classification or shelving scheme | Dewey Decimal Classification |
| Koha item type | Book |
| Withdrawn status | Lost status | Damaged status | Not for loan | Collection code | Home library | Current library | Date acquired | Source of acquisition | Cost, normal purchase price | Total Checkouts | Full call number | Barcode | Date last seen | Date last checked out | Price effective from | Koha item type |
|---|---|---|---|---|---|---|---|---|---|---|---|---|---|---|---|---|
| Economics | St Aloysius PG Library | St Aloysius PG Library | 08/05/2010 | Athulya Books | 645.00 | 1 | 338.19 BHAA | PG005053 | 08/24/2022 | 10/23/2021 | 04/26/2021 | Book | ||||
| Economics | St Aloysius PG Library | St Aloysius PG Library | 08/05/2010 | Athulya Books | 645.00 | 1 | 338.19 BHAA | PG005054 | 09/09/2023 | 09/06/2023 | 04/26/2021 | Book |